000 00489nam a2200181 a 4500
001 1774863791359
003 YourLibrary
005 20260330151549.0
008 260330s2015##################000#0#eng##
020 _a9781632422149
082 0 4 _a362.1
_bROH
100 1 _aRohmer, Felix,
_eauthor.
245 1 0 _aHandbook of Public Health: Volume I (Approaches and Concerns) :
260 _c2015.
650 0 _aPublic health.
942 _cENGLISH
040 _aYourLibrary
_beng
_cYourLibrary
999 _c618192
_d618192